面積の狭い市区町村TOP100 - Statistics

General Stats
  • This quiz has been taken 1,090 times
  • The average score is 36 of 100
Answer Stats
順位 都道府県 面積(km^2) % Correct
1 富山県 3.47 舟橋村
86%
8 埼玉県 5.11 蕨市
85%
20 東京都 6.39 狛江市
69%
15 東京都 5.96 青ヶ島村
67%
6 鳥取県 4.2 日吉津村
64%
11 大阪府 5.62 田尻町
58%
3 大阪府 3.97 忠岡町
57%
29 京都府 7.72 向日市
54%
71 東京都 11.66 千代田区
54%
52 東京都 10.21 中央区
51%
5 東京都 4.12 利島村
50%
34 東京都 8.15 国立市
49%
38 三重県 8.73 川越町
49%
100 奈良県 14.27 斑鳩町
48%
25 三重県 7.01 王寺町
47%
31 岐阜県 7.91 岐南町
47%
49 東京都 10.11 台東区
46%
64 東京都 11.29 文京区
46%
51 東京都 10.16 荒川区
45%
17 三重県 5.99 朝日町
44%
26 神奈川県 7.05 真鶴町
44%
2 沖縄県 3.87 渡名喜村
43%
24 大分県 6.99 姫島村
43%
53 東京都 10.23 清瀬市
43%
59 東京都 10.98 武蔵野市
43%
13 和歌山県 5.81 太地町
42%
16 京都府 5.97 大山崎町
42%
55 広島県 10.41 府中町
42%
4 奈良県 4.06 三宅町
41%
7 奈良県 4.31 安堵町
41%
27 岡山県 7.62 早島町
41%
22 神奈川県 6.55 開成町
40%
33 香川県 8.1 宇多津町
40%
37 福岡県 8.69 志免町
40%
80 東京都 13.01 豊島区
40%
61 埼玉県 11.04 和光市
39%
67 東京都 11.46 国分寺市
39%
81 沖縄県 13.07 北大東村
39%
9 岐阜県 5.18 北方町
38%
36 香川県 8.47 琴平町
38%
45 神奈川県 9.08 二宮町
38%
47 新潟県 9.78 粟島浦村
38%
48 東京都 9.9 羽村市
38%
50 東京都 10.16 福生市
38%
65 大阪府 11.3 高石市
38%
66 東京都 11.3 小金井市
38%
90 東京都 13.77 墨田区
38%
41 静岡県 8.81 清水町
37%
54 岐阜県 10.3 笠松町
37%
40 奈良県 8.79 三郷町
36%
19 愛知県 6.18 豊山町
35%
46 兵庫県 9.13 播磨町
33%
74 大阪府 12.3 門真市
33%
79 東京都 12.88 東久留米市
33%
94 福岡県 14.13 粕屋町
33%
28 沖縄県 7.65 粟国村
32%
75 大阪府 12.71 守口市
32%
86 石川県 13.56 野々市市
31%
95 福岡県 14.15 春日市
31%
14 奈良県 5.93 川西町
30%
23 愛知県 6.59 大治町
30%
30 滋賀県 7.8 豊郷町
30%
35 奈良県 8.23 河合町
30%
42 大阪府 8.89 藤井寺市
30%
43 埼玉県 9.05 志木市
30%
69 沖縄県 11.54 北中城村
30%
12 福岡県 5.72 吉富町
29%
63 愛知県 11.19 扶桑町
29%
44 山梨県 9.08 昭和町
28%
57 山口県 10.58 和木町
28%
58 沖縄県 10.76 南風原町
28%
85 東京都 13.42 東大和市
28%
21 高知県 6.53 田野町
27%
39 徳島県 8.74 北島町
27%
87 愛知県 13.61 大口町
27%
91 広島県 13.79 海田町
27%
92 京都府 13.86 久御山町
27%
10 沖縄県 5.18 与那原町
26%
18 奈良県 6.14 上牧町
26%
56 愛知県 10.47 岩倉市
26%
84 神奈川県 13.34 寒川町
26%
97 香川県 14.22 直島町
25%
60 福岡県 11.01 水巻町
23%
70 福岡県 11.6 芦屋町
23%
89 島根県 13.7 知夫村
23%
62 愛知県 11.09 蟹江町
22%
83 宮城県 13.19 七ヶ浜町
22%
73 岡山県 12.23 里庄町
21%
78 岐阜県 12.87 坂祝町
21%
98 徳島県 14.24 松茂町
21%
88 滋賀県 13.63 甲良町
20%
93 沖縄県 13.93 北谷町
20%
32 福岡県 8.04 糸田町
18%
72 大阪府 11.92 大阪狭山市
18%
76 和歌山県 12.77 美浜町
17%
96 大阪府 14.17 太子町
16%
68 佐賀県 11.5 大町町
15%
77 佐賀県 12.8 上峰町
13%
82 愛知県 13.11 高浜市
13%
99 福岡県 14.26 大任町
8%
No matching quizzes found
Score Distribution
Percent of People with Each Score
Percentile by Number Answered
Your Score History
You have not taken this quiz